000 00426nam a2200181Ia 4500
001 20865
005 20260306172837.0
008 260306t2007||||xx |||||||||||||| ||spa||
041 _aESP
082 _a343.8
_bJ92
100 _aJurista Editores E.I.R.L.
_eAUT
245 0 _aLegislación tributaria
260 _c2007
300 _a549 pƔginas :
_c28 cm.
650 _aGEN
654 _aCCO
942 _cLIB
_dJUS
_fJUS
_2ddc
_n
999 _c20865
_d20865